01339cam a22003497a 4500003000500000005001700005008004100022010001000063011001000073035001000083040000900093090001000102100004700112245014200159260003800301300001000339502009500349590003700444590004100481590004100522590004100563590004100604590004200645650004500687650003500732650002600767901000700793942001000800949003500810999001700845952012700862CHAP20220329133945.0971013s1978 r 00010 d a13220 a14192 a18265 cCHAP aTesis00aGómez Gaitán, Martín Alfonso.94969913aEl médico veterinario zootecnista como educador factor de cambio socio económico en el medio rural; desarrollo del método educativo aMéxico, D.F. :bEl autor,c1978 a74 h. aTesis (Médico Veterinario Zootecnista) -- UNAM. Fac. de Medicina Veterinaria y Zootecnia aALEPHb10c20130110lUCH01h1232 aBATCH-UPDb10c20130110lUCH01h0028 aBATCH-UPDb10c20130110lUCH01h1741 aBATCH-UPDb10c20130409lUCH01h2010 aBATCH-UPDb10c20130914lUCH01h1145 aCONVERSIONb10c20130109lUCH01h130914aDesarrollo de la comunidad rural.93199514aServicio social rural.910532014aVeterinarios.9119013 aBK cTESIS bBCcTESd-42656eTS1i18265si c13220d13220 00102local4051708TESISaBCbBCcPA_TESISd2012-12-17fTESISl0oTesisp-42656r2019-12-31 00:00:00w2019-12-31yTESIS